Akta Dadah Berbahaya, 1952 (Akta 234) & peraturan-peraturan : (Record no. 1200)
[ view plain ]
| 000 -LEADER | |
|---|---|
| fixed length control field | nam a22 a 4500 |
| 003 - CONTROL NUMBER IDENTIFIER | |
| control field | AKMAL |
| 005 - DATE AND TIME OF LATEST TRANSACTION | |
| control field | 20170508153431.0 |
| 008 - FIXED-LENGTH DATA ELEMENTS--GENERAL INFORMATION | |
| fixed length control field | 170508s1998 my l 00 may d |
| 020 ## - INTERNATIONAL STANDARD BOOK NUMBER | |
| International Standard Book Number | 9678909502 (kkt.): |
| Terms of availability | RM15.00 |
| 082 04 - DEWEY DECIMAL CLASSIFICATION NUMBER | |
| Classification number | 344.5950545 DAD |
| 090 00 - LOCALLY ASSIGNED LC-TYPE CALL NUMBER (OCLC); LOCAL CALL NUMBER (RLIN) | |
| Classification number (OCLC) (R) ; Classification number, CALL (RLIN) (NR) | 344.5950545 |
| Local cutter number (OCLC) ; Book number/undivided call number, CALL (RLIN) | DAD |
| 110 1# - MAIN ENTRY--CORPORATE NAME | |
| Corporate name or jurisdiction name as entry element | Malaysia |
| 9 (RLIN) | 400 |
| 245 10 - TITLE STATEMENT | |
| Title | Akta Dadah Berbahaya, 1952 (Akta 234) & peraturan-peraturan : |
| Remainder of title | hingga 15hb September 1998 / |
| Statement of responsibility, etc. | disusun oleh Lembaga Penyelidikan Undang-Undang |
| 260 ## - PUBLICATION, DISTRIBUTION, ETC. | |
| Place of publication, distribution, etc. | Kuala Lumpur : |
| Name of publisher, distributor, etc. | International Law Book Services, |
| Date of publication, distribution, etc. | 1998 |
| 300 00 - PHYSICAL DESCRIPTION | |
| Extent | iv, 82ms. ; |
| Dimensions | 25cm |
| 650 #0 - SUBJECT ADDED ENTRY--TOPICAL TERM | |
| Topical term or geographic name entry element | Drugs |
| General subdivision | Law and legislation |
| Geographic subdivision | Malaysia |
| 9 (RLIN) | 2109 |
| 650 #0 - SUBJECT ADDED ENTRY--TOPICAL TERM | |
| Topical term or geographic name entry element | Drug abuse |
| General subdivision | Law and legislation |
| Geographic subdivision | Malaysia |
| 9 (RLIN) | 2420 |
| 710 2# - ADDED ENTRY--CORPORATE NAME | |
| Corporate name or jurisdiction name as entry element | Lembaga Penyelidikan Undang-Undang |
| 9 (RLIN) | 2421 |
| 942 ## - ADDED ENTRY ELEMENTS (KOHA) | |
| Source of classification or shelving scheme | |
| Koha item type | Book |
| Withdrawn status | Lost status | Source of classification or shelving scheme | Damaged status | Not for loan | Collection code | Home library | Current library | Shelving location | Date acquired | Inventory number | Full call number | Barcode | Date last seen | Price effective from | Koha item type | Public note |
|---|---|---|---|---|---|---|---|---|---|---|---|---|---|---|---|---|
| NON-FICTION | AKMAL Melaka | AKMAL Melaka | PINJAMAN | 08.05.2017 | 303155 | 344.5950545 DAD | 201702381 | 08.05.2017 | 08.05.2017 | Book | Dilupuskan. | |||||
| NON-FICTION | AKMAL Melaka | AKMAL Melaka | PINJAMAN | 08.05.2017 | 303156 | 344.5950545 DAD | 201702380 | 08.05.2017 | 08.05.2017 | Book | Dilupuskan. No. Fail. ARKIBMLK.600-6/9/1 Jld.7 (54) |
